000
00244nam a22000977a 4500
999
_c
11728
_d
11728
008
200113b ||||| |||| 00| 0 eng d
020
_a
0590464795
100
_a
Crews Donald
_9
7417
245
_a
Ten Black Dots
260
_a
New York
_b
Scholastic
_c
1968